000 00570nam a22001937a 4500
005 20231108122648.0
010 _aENG-138288
020 _c250.00
_a9789354828577
035 _aEN-121820
037 _bDBAD/PUB
082 _a616.472
100 _aGhosh, Aneesh
_958336
245 _aLiving with diabetes:
_cBy Aneesh ghosh
_bA complete patient wellness guide/
260 _akerala
_bDC life
_c2023
270 _aan imprint of D C books,
_bkottayam
_e686001
300 _a88p.
_c21cm(pbk)
700 _a/
_957895
942 _2ddc
_cEN
_mGHO
_h616.472
999 _c198799
_d198799